000 00385nam a22001577a 4500
003 SGT
020 _a978-8186809631
082 _a617.632
_bT18D
100 _a Damle S.G.
245 _aTextbook of Pediatric Dentistry
250 _a5th
260 _aNEW DELHI
_bArya Medi Publishing House Pvt. Ltd.
_c2018
300 _a1-1248
650 _aPediatric Dentistry
942 _2ddc
_cBK
_02
999 _c20841
_d20841